Logo BPK

Biblioteka

Politechniki Koszalińskiej

Weil die Stadt so fremd geworden ist... : (Rekord nr 50543)

Szczegóły MARC
000 -ETYKIETA REKORDU
podpole kontrolne o stałej długości 00597nam a2200205 i 4500
001 - NUMER KONTROLNY REKORDU
pole kontrolne bgj
020 ## - MIĘDZYNARODOWY ZNORMALIZOWANY NUMER KSIĄŻKI - ISBN
ISBN 3423107545
040 ## - ŹRÓDŁO KATALOGOWANIA
Instytucja, która utworzyła rekord BPK
041 0# - KOD JĘZYKA
Kod języka tekstu ger
920 ## - Międzynarodowy znormalizowany numer książki – ISBN
ISBN 3-423-10754-5
008 - POLE O STAŁEJ DŁUGOŚCI - DANE KONTROLNE
podpole kontrolne o stałej długości s gw f |000 0 ger
100 1# - NAZWA OSOBOWA
Nazwa osobowa BÖLL, Heinrich
Daty związane z nazwą (1917-1985)
245 10 - TYTUŁ/ODPOWIEDZIALNOŚĆ
Tytuł Weil die Stadt so fremd geworden ist... :
Ciąg dalszy tytułu Gespräche /
Pozostałe elementy strefy tytułu i oznaczenia odpowiedzialności Heinrich Böll, Heinrich Vormweg.
260 ## - STREFA ADRESU WYDAWNICZEGO
Miejsce wydania München :
Nazwa wydawcy/dystrybutora Deutscher Taschenbuch Verlag,
Data publikacji, dystrybucji/powstania dokumentu 1987.
300 ## - STREFA OPISU FIZYCZNEGO
Objętość 127, [1] S. ;
Rozmiary 18 cm.
600 19 - HASŁO PRZEDMIOTOWE W FORMIE NAZWY OSOBOWEJ
Nazwa osobowa Böll, Heinrich 1917-1985
655 ## - TERMIN INDEKSOWY - OKREŚLENIE RODZAJU/FORMY DOKUMENTU
Określenie rodzaju/formy dokumentu Gespräch
700 1# - HASŁO DODATKOWE - NAZWA OSOBOWA
Nazwa osobowa VORMWEG, Heinrich
856 ## - LOKALIZACJA I DOSTĘP DO ELEKTRONICZNYCH DOKUMENTÓW ZDALNYCH
Link (URL) http://koha.tu.koszalin.pl/cgi-bin/koha/opac-detail.pl?biblionumber=50543
Tekst linku Katalog online BPK
942 ## - DODATKOWE ELEMENTY (KOHA)
Typ dokumentu Książka
Egzemplarze
Wycofany Status egzemplarza Uszkodzony Dostępność Lokalizacja stała Lokalizacja bieżąca Miejsce przechowywania Sygnatura Kod kreskowy Typ dokumentu
      Tylko na miejscu Biblioteka Politechniki Koszalińskiej Biblioteka Politechniki Koszalińskiej Czytelnia Wydziałowa ul. Kwiatkowskiego 6e N 497 09046481 Książka
© 2023 Biblioteka Politechniki Koszalińskiej :: KOHA